000 00569nam a2200205Ia 4500
003 OSt
005 20260326111324.0
008 210210b1947 xxu||||| |||| 00| 0 eng d
040 _cAL
041 _aHindi
082 _a868/50
100 _aSHASTRI (Lal Bahadur)
_dशास्त्री (लाल बहादुर)
_9259386
245 _aSrimati curie
_bश्रीमती क्यूरी
260 _aPrAyAg
_b-
_c1947
650 _aSrimati
_9259387
650 _acurie
_9259388
690 _aBiography
_9259389
906 _a023775
942 _2ddc
_cBK
999 _c148740
_d148740